|
|
|
|
| LEADER |
00000nab a2200000 a 4500 |
| 001 |
vtls009093706 |
| 003 |
SK-MaSNL |
| 005 |
20260303064305.0 |
| 008 |
140617c2007 xo sr|p|||||||000 b|slo |
| 015 |
|
|
|a SNBRB2007/09
|2 snkbucl
|
| 038 |
|
|
|a SNKBUCL
|
| 040 |
|
|
|a SNKBUCL
|b slo
|c SNKBUCL
|e AACR2
|
| 041 |
0 |
|
|a slo
|
| 044 |
|
|
|a xo
|c SK
|
| 080 |
|
|
|a 614.84:796.093.1
|x (437.6)
|2 2001
|
| 080 |
|
|
|a 796
|2 2001
|
| 100 |
1 |
|
|a Ronec, Peter
|4 aut
|9 556517
|
| 245 |
1 |
0 |
|a Majstrovstvá SR v hasičskom športe
|c Peter Ronec
|
| 300 |
|
|
|b Fotogr.
|
| 611 |
2 |
7 |
|a Majstrovstvá Slovenskej republiky v hasičskom športe
|n (35. :
|d 2007 :
|c Bratislava, Slovensko)
|2 snkbucl
|9 1062736
|
| 650 |
0 |
7 |
|a hasičský šport
|2 snkbucl
|9 99154
|
| 773 |
0 |
|
|t Požiarnik
|g Roč. LXXXIV, č. 8 (2007), s. 14
|x 0231-617X
|
| 852 |
|
|
|a SNK
|b KIS3GCP
|
| 999 |
|
|
|c 1746521
|d 1748451
|